Pious passengers : (Record no. 124972)
[ view plain ]
| 000 -LEADER | |
|---|---|
| fixed length control field | 00766nam a22002297a 4500 |
| 005 - DATE AND TIME OF LATEST TRANSACTION | |
| control field | 20170124105947.0 |
| 010 ## - LIBRARY OF CONGRESS CONTROL NUMBER | |
| LC control number | A-709147 |
| 020 ## - INTERNATIONAL STANDARD BOOK NUMBER | |
| Terms of availability | 00.00 |
| International Standard Book Number | 8120716019 |
| 035 ## - SYSTEM CONTROL NUMBER | |
| System control number | A-709147 |
| 037 ## - SOURCE OF ACQUISITION | |
| Source of stock number/acquisition | Cen Lib/Ret |
| 040 ## - CATALOGING SOURCE | |
| Original cataloging agency | DPL |
| Language of cataloging | EN |
| 082 ## - DEWEY DECIMAL CLASSIFICATION NUMBER | |
| Classification number | 270.91 |
| Item number | PEA |
| 100 ## - MAIN ENTRY--PERSONAL NAME | |
| Personal name | Pearson, M.N. |
| 9 (RLIN) | 78928 |
| 245 ## - TITLE STATEMENT | |
| Title | Pious passengers : |
| Statement of responsibility, etc | by M.N. Pearson |
| Remainder of title | the hajj in earlier times / |
| 260 ## - PUBLICATION, DISTRIBUTION, ETC. (IMPRINT) | |
| Place of publication, distribution, etc | Delhi |
| Name of publisher, distributor, etc | Sterling Publishers Private Limited |
| Date of publication, distribution, etc | 1994 |
| 270 ## - ADDRESS | |
| Address | L-10 Green Park |
| City | Delhi |
| Postal code | 110016 |
| 300 ## - PHYSICAL DESCRIPTION | |
| Extent | 217p. : |
| Dimensions | 21cm(Hb) |
| Other physical details | ill. |
| 500 ## - GENERAL NOTE | |
| General note | Includes bibliographical references and index. |
| 650 ## - SUBJECT ADDED ENTRY--TOPICAL TERM | |
| Topical term or geographic name as entry element | Islam -- Customs and practices. |
| 9 (RLIN) | 78929 |
| 650 ## - SUBJECT ADDED ENTRY--TOPICAL TERM | |
| Topical term or geographic name as entry element | Muslim pilgrims and pilgrimages -- History. |
| 9 (RLIN) | 78930 |
| 942 ## - ADDED ENTRY ELEMENTS (KOHA) | |
| Source of classification or shelving scheme | Dewey Decimal Classification |
| Koha item type | English Books |
| Classification part | 270.91 |
| Call number suffix | PEA |
| Withdrawn status | Lost status | Damaged status | Not for loan | Home library | Current library | Date acquired | Source of acquisition | Cost, normal purchase price | Total Checkouts | Full call number | Barcode | Date last seen | Copy number | Cost, replacement price | Price effective from | Koha item type |
|---|---|---|---|---|---|---|---|---|---|---|---|---|---|---|---|---|
| Central Library | Central Library | 19/06/2015 | Cen Lib/Ret | 0.00 | 270.91 PEA | A-709147 | 19/06/2015 | 1 | 0.00 | 19/06/2015 | English Books |
